[Event "CRO-chT1A 30th"]
[Site "Porec"]
[Date "2022.09.27"]
[Round "4.4"]
[White "Muse, Drazen"]
[Black "Saric, Ante"]
[Result "1/2-1/2"]
[WhiteElo "2311"]
[BlackElo "2510"]
[PlyCount "59"]
[EventDate "2022.09.24"]
[EventType "team-tourn"]
[EventRounds "9"]
[EventCountry "CRO"]
[SourceTitle "CBM 210 Extra"]
[Source "ChessBase"]
[SourceDate "2022.11.30"]
[SourceVersion "1"]
[SourceVersionDate "2022.11.30"]
[SourceQuality "1"]
[WhiteTeam "Strigova Stridon"]
[BlackTeam "Split Mornar"]
[WhiteTeamCountry "CRO"]
[BlackTeamCountry "CRO"]

1. Nf3 Nf6 2. d4 e6 3. e3 c5 4. Bd3 d5 5. b3 Nc6 6. 0-0 b6 7. Bb2 Bb7 8. Nbd2 Rc8 9. a3 Bd6 10. Ne5 0-0 11. f4 Ne7 12. Qe2 Ne4 13. c3 Nxd2 14. Qxd2 f6 15. Nf3 Qd7 16. Qe2 Nc6 17. b4 c4 18. Bc2 Ne7 19. Rae1 a5 20. g3 Rfe8 21. Ne5 Bxe5 22. fxe5 f5 23. g4 Bc6 24. Rf2 Rf8 25. Ref1 Rf7 26. Qf3 Rcf8 27. Qh3 Ba4 28. Bb1 Qe8 29. Bc1 g6 30. Qh4 1/2-1/2

[Event "CRO-chT1A 30th"]
[Site "Porec"]
[Date "2022.09.26"]
[Round "3.2"]
[White "Krsnik Cohar, Ivan Vihor"]
[Black "Muse, Drazen"]
[Result "1-0"]
[WhiteElo "2296"]
[BlackElo "2311"]
[PlyCount "85"]
[EventDate "2022.09.24"]
[EventType "team-tourn"]
[EventRounds "9"]
[EventCountry "CRO"]
[SourceTitle "CBM 210 Extra"]
[Source "ChessBase"]
[SourceDate "2022.11.30"]
[SourceVersion "1"]
[SourceVersionDate "2022.11.30"]
[SourceQuality "1"]
[WhiteTeam "Pula"]
[BlackTeam "Strigova Stridon"]
[WhiteTeamCountry "CRO"]
[BlackTeamCountry "CRO"]

1. e4 c5 2. g3 d5 3. exd5 Qxd5 4. Nf3 Bg4 5. Bg2 Qe6+ 6. Kf1 Nc6 7. d3 Bh3 8. Be3 Bxg2+ 9. Kxg2 b6 10. Nc3 Nf6 11. Re1 Qd7 12. d4 cxd4 13. Nxd4 Nxd4 14. Bxd4 Qc6+ 15. Qf3 Qxf3+ 16. Kxf3 0-0-0 17. Bxf6 gxf6 18. Rad1 Rxd1 19. Rxd1 e6 20. Rd4 f5 21. Rc4+ Kb8 22. Rd4 Kc8 23. Nb5 a6 24. Nd6+ Bxd6 25. Rxd6 Kc7 26. Rd4 h5 27. Rh4 Kd6 28. Ke3 Ke5 29. h3 Kf6 30. c3 e5 31. g4 Rg8 32. Rxh5 fxg4 33. hxg4 Rxg4 34. Rh6+ Rg6 35. Rxg6+ Kxg6 36. Ke4 Kf6 37. Kd5 Kf5 38. c4 e4 39. b4 Kf4 40. c5 bxc5 41. bxc5 Kf3 42. c6 f5 43. c7 1-0

[Event "Berlin BSV IM"]
[Site "Berlin"]
[Date "2022.04.13"]
[Round "7"]
[White "Muse, Drazen"]
[Black "Ermitsch, Magnus"]
[Result "1/2-1/2"]
[WhiteElo "2325"]
[BlackElo "2150"]
[PlyCount "78"]
[EventDate "2022.04.08"]
[EventType "tourn"]
[EventRounds "9"]
[EventCountry "GER"]
[EventCategory "2"]
[SourceTitle "CBM 207 Extra"]
[Source "ChessBase"]
[SourceDate "2022.05.31"]
[SourceVersion "1"]
[SourceVersionDate "2022.05.31"]
[SourceQuality "1"]

1. d4 Nf6 2. Nf3 c5 3. e3 d5 4. Nbd2 Qc7 5. dxc5 Qxc5 6. a3 Bg4 7. b4 Qc3 8. Rb1 Nbd7 9. Bb2 Qc7 10. c4 dxc4 11. Bxc4 Rd8 12. Rc1 Qb8 13. h3 Bh5 14. Qb3 e6 15. Bb5 a6 16. Be2 Be7 17. g4 Bg6 18. h4 h6 19. Rg1 Ne4 20. h5 Bh4 21. hxg6 Bxf2+ 22. Kd1 Nxd2 23. gxf7+ Kxf7 24. Qc3 Nf6 25. Nxd2 Bxg1 26. Kc2 Qh2 27. Rf1 Rc8 28. Bc4 Rxc4 29. Qxc4 Bxe3 30. Bc3 Rd8 31. Qe4 Rxd2+ 32. Kb3 Rf2 33. Qxb7+ Kg8 34. Bxf6 gxf6 35. Qa8+ Kg7 36. Qb7+ Kg8 37. Qa8+ Kg7 38. Qb7+ Kg6 39. Qe4+ Kg7 1/2-1/2

[Event "GER Cup Net V4 U2400"]
[Site "Playchess.com INT"]
[Date "2020.05.31"]
[Round "1"]
[White "Richter, Nils"]
[Black "Muse, Drazen"]
[Result "1/2-1/2"]
[WhiteElo "1982"]
[BlackElo "2219"]
[PlyCount "86"]
[EventDate "2020.05.31"]
[EventType "swiss (blitz)"]
[EventRounds "9"]
[EventCountry "GER"]
[SourceTitle "EXT 2021"]
[Source "ChessBase"]
[SourceDate "2020.10.23"]
[SourceVersion "1"]
[SourceVersionDate "2020.10.23"]
[SourceQuality "1"]

1. c4 e6 2. b3 d5 3. Bb2 Nf6 4. e3 Be7 5. Nf3 0-0 6. Be2 b6 7. 0-0 Bb7 8. Nc3 c5 9. cxd5 Nxd5 10. Nxd5 Bxd5 11. d4 Nc6 12. Rc1 cxd4 13. Nxd4 Nxd4 14. Bxd4 Bf6 15. Qd2 Bxd4 16. Qxd4 Qg5 17. e4 Qf4 18. Rfd1 Bb7 19. Bf3 g5 20. Qd6 Qxd6 21. Rxd6 Rac8 22. Rcd1 Rc7 23. h3 Kg7 24. Rd7 Rfc8 25. Kh2 Bc6 26. Rxc7 Rxc7 27. Kg3 Rd7 28. Rxd7 Bxd7 29. e5 a5 30. a3 Bb5 31. b4 axb4 32. axb4 h6 33. Be4 f5 34. Bb7 f4+ 35. Kf3 Bd3 36. Be4 Bf1 37. g3 fxg3 38. Kxg3 h5 39. h4 gxh4+ 40. Kxh4 Be2 41. f4 Kh6 42. f5 exf5 43. Bxf5 Bf3 1/2-1/2

[Event "GER Cup Net V2 U2400"]
[Site "Playchess.com INT"]
[Date "2020.05.22"]
[Round "3"]
[White "Volkmer, Andreas"]
[Black "Muse, Drazen"]
[Result "1-0"]
[WhiteElo "2046"]
[BlackElo "2171"]
[PlyCount "189"]
[EventDate "2020.05.22"]
[EventType "swiss (blitz)"]
[EventRounds "9"]
[EventCountry "GER"]
[SourceTitle "EXT 2021"]
[Source "ChessBase"]
[SourceDate "2020.10.23"]
[SourceVersion "1"]
[SourceVersionDate "2020.10.23"]
[SourceQuality "1"]

1. Nc3 g6 2. e4 Bg7 3. Nf3 c6 4. Bc4 d6 5. a3 Nf6 6. d3 0-0 7. Ba2 a5 8. 0-0 b5 9. Bg5 h6 10. Bd2 Nbd7 11. Ne2 Kh7 12. Ng3 e5 13. Re1 Qe7 14. d4 Nb6 15. dxe5 dxe5 16. Qe2 Be6 17. Bxe6 Qxe6 18. Be3 Rfb8 19. Rad1 Nc4 20. Bc1 a4 21. h3 Nd7 22. Nd2 Ndb6 23. Nxc4 Nxc4 24. Qf3 Kg8 25. h4 h5 26. Rd3 Bf8 27. Red1 Qg4 28. Qxg4 hxg4 29. Nf1 Be7 30. g3 Rd8 31. Kg2 f5 32. f3 gxf3+ 33. Kxf3 Rf8 34. Kg2 f4 35. Rd7 Rae8 36. b3 axb3 37. cxb3 f3+ 38. Kh3 Nb6 39. Rc7 c5 40. Rc6 Rf6 41. Rxf6 Bxf6 42. Rd6 Be7 43. Rxb6 Rd8 44. Rxg6+ Kf7 45. Rh6 Rd1 46. Rh7+ Ke8 47. Ne3 Rxc1 48. Rh5 Re1 49. Ng4 Bd6 50. Rf5 Rf1 51. Ne3 Rh1+ 52. Kg4 Rb1 53. Rxf3 Rxb3 54. Nd5 Rb1 55. h5 Rh1 56. Kg5 c4 57. h6 Bf8 58. Rf5 Bxh6+ 59. Kg4 Bc1 60. Rxe5+ Kd8 61. Re6 Bxa3 62. Rc6 Re1 63. Kf5 Kd7 64. Ra6 b4 65. e5 Rf1+ 66. Ke4 Re1+ 67. Kf5 Bb2 68. Rd6+ Kc8 69. e6 c3 70. Rc6+ Kb7 71. Rc4 b3 72. Nxc3 Ka6 73. Ra4+ Kb6 74. Rb4+ Kc5 75. Rxb3 Rf1+ 76. Kg6 Bxc3 77. Rxc3+ Kd6 78. Re3 Ke7 79. g4 Rf6+ 80. Kg5 Rf8 81. Re1 Rg8+ 82. Kf5 Rf8+ 83. Ke5 Rg8 84. Re4 Rg5+ 85. Kf4 Ra5 86. g5 Ra6 87. Kf5 Ra8 88. Rb4 Ra5+ 89. Kg6 Kxe6 90. Re4+ Kd7 91. Re1 Ra2 92. Kf6 Rf2+ 93. Kg7 Rg2 94. g6 Rf2 95. Kg8 1-0

[Event "GER-ch Net blitz qual5"]
[Site "Playchess.com INT"]
[Date "2020.03.28"]
[Round "2"]
[White "Muse, Drazen"]
[Black "Rosner, Jonas"]
[Result "0-1"]
[WhiteElo "2339"]
[BlackElo "2432"]
[PlyCount "74"]
[EventDate "2020.03.28"]
[EventType "swiss (blitz)"]
[EventRounds "13"]
[EventCountry "GER"]
[SourceTitle "CBM 195 Extra"]
[Source "ChessBase"]
[SourceDate "2020.05.31"]
[SourceVersion "1"]
[SourceVersionDate "2020.05.31"]
[SourceQuality "1"]

1. Nf3 d5 2. e3 Nf6 3. b3 e6 4. Bb2 Be7 5. g4 h6 6. Rg1 b6 7. h4 Rg8 8. g5 hxg5 9. hxg5 Ne4 10. g6 f6 11. d3 Nd6 12. c4 c5 13. Nc3 Nf5 14. cxd5 exd5 15. d4 Be6 16. Bb5+ Kf8 17. dxc5 bxc5 18. e4 dxe4 19. Qxd8+ Bxd8 20. Nxe4 Nd7 21. 0-0-0 Nb6 22. Kb1 Be7 23. Rge1 Bd5 24. Ned2 Rh8 25. Bd3 Nd6 26. Rh1 Rg8 27. Rh5 Rc8 28. Ba6 Rc7 29. Ne1 Be6 30. Nd3 Bf5 31. Ka1 Bxg6 32. Rhh1 Bf7 33. Nf4 g5 34. Nh5 Rg6 35. Nf3 c4 36. Ba3 Rc6 37. Nd4 Rc7 0-1